1782 1082 1328 1294 1356 1123 1844 1217 1791 1561 1435 1401 1737 1136 1423 1529 1449 1797 1756 1191 1257 1552 1252 1171 1958 1274 1475 1167 1865 1235 1626 1494 1375 1854 1381 1243 1359 1740 1565 1655 1644 1916 1605 1331 1386 1758 1331 1088 1542 1838 1988 1562 1876 1958 1213 1964 1542 1977 1961 1617 1875 1359 1626 1912 1390 1090 1830 1723 1954 1146 1294 1023 1988 1983 1308 1295 1974 1387 1101 1768 1048 1869 1510 1584 1272 1630 1839 1402 1654 1775 1985 1144 1724 1558 1831 1317 1183 1758 1778 BCNSPRNW ULIB Ver.6.0+V

เปลี่ยนเป็นภาษาไทย

Change to English
 แสดงรายละเอียดบรรณานุกรม
  กลับหน้าหลัก

Brief Record : Get Marc (ISO 2709) : E-mail record : QR code < ปิดหน้าต่าง
LEADER : 00000nam 2200000uu 4500
001    13399120825
003     ULIB
008    020711s2552 th a 000 0 tha d
020    9786167123172
090    นว.^bว427พ
100    อลิลศรา
245    เพตรา นคราสีกุหลาบ /^cอลิลศรา
260    กรุงเทพฯ :^bกรีนมายด์,^c2552
300    439 หน้า
945    ^p279^l0^i16657
999    ^aทศพร เกษรทอง
รายการนี้ยังไม่มีแท็ก
คุณยังไม่ได้ล็อกอิน คุณสามารถมีกิจกรรมร่วมกับเว็บไซต์ได้ แต่ต้องล็อกอินก่อน ::
  ล็อกอิน

รายการสื่อสารสนเทศ

ลำดับที่ ประเภท เลขเรียก/บาร์โค้ด สถานที่ สถานะ
1. นวนิยาย
นวนิยาย
นว. ว427พ  
  Barcode: 16657
ห้องสมุดวิทยาเขตสวรรค์ประชารักษ์
►นวนิยาย
บนชั้น
  ขอยืม

รายการใกล้เคียง
    ผู้แต่ง [อลิลศรา]

BibComment


ยังไม่เคยถูกคอมเมนท์

คอมเมนท์ทรัพยากรรายการนี้
  คอมเมนท์: เพตรา นคราสีกุหลา..


 Copyright 2026. Bcnsprnw @Library